Statistiche per Paesi con un solo confine

Clicka qui per fare il quiz!

Statistiche generali

  • Questo quiz è stato fatto 9.016 volte
  • Il punteggio medio è 11 su 17

Statistiche sulle risposte

Paese confinantePaese% Corretto
Stati UnitiCanada
88%
ItaliaSan Marino
86%
ItaliaCittà del Vaticano
85%
SpagnaPortogallo
78%
Corea del NordCorea del Sud
74%
Regno UnitiIrlanda
74%
SudafricaLesotho
70%
GermaniaDanimarca
69%
FranciaMonaco
63%
IrlandaRegno Unito
61%
IndonesiaPapua Nuova Guinea
58%
Repubblica DominicanaHaiti
54%
Arabia SauditaQatar
50%
HaitiRepubblica Dominicana
50%
MalesiaBrunei
44%
IndonesiaTimor Est
44%
SenegalGambia
36%

Distribuzione punteggi

Percentile per numero di risposta

Percentuale di utenti per punteggio

I tuoi punteggi nel tempo

Non hai fatto questo quiz